| 000 | 00602nam a2200169Ia 4500 | ||
|---|---|---|---|
| 008 | 240729s9999 xx 000 0 und d | ||
| 022 | _a2526-8732 | ||
| 245 | 0 | _aBrazilian Journal of Oncology | |
| 260 | _aBrazil | ||
| 260 | _bSociedade Brasileira de Oncologia ClÃnica, Sociedade Brasileira de Cirurgia ClÃnica and Sociedade Brasileira de Radioterapia | ||
| 650 | _a Internal medicine | ||
| 650 | _a Neoplasms. Tumors. Oncology. Including cancer and carcinogens | ||
| 650 | _aMedicine | ||
| 856 | _uhttps://doaj.org/toc/497105f4479444a786c62df23edc060e | ||
| 942 | _2ddc | ||
| 942 | _cDOAJEJ | ||
| 999 |
_c74807 _d74807 |
||
| 945 |
_a1 _bMadushi Gamage _c1 _dMadushi Gamage |
||